NBA All-Star Host Cities - Statistics

General Stats
  • This quiz has been taken 32 times
  • The average score is 62 of 70
Answer Stats
Hint Answer % Correct
1961 Boston
100%
1956 Boston
100%
1955 Boston
100%
2019 Charlotte
100%
1991 Charlotte
100%
2022 Cleveland
100%
1997 Cleveland
100%
1981 Cleveland
100%
2018 Los Angeles
100%
2011 Los Angeles
100%
2004 Los Angeles
100%
1983 Los Angeles
100%
1972 Los Angeles
100%
1990 Miami
100%
2017 New Orleans
100%
2014 New Orleans
100%
2008 New Orleans
100%
2015 New York City
100%
1998 New York City
100%
1968 New York City
100%
1959 New York City
100%
1958 New York City
100%
2021 Atlanta
97%
2003 Atlanta
97%
1978 Atlanta
97%
1969 Baltimore
97%
2020 Chicago
97%
1988 Chicago
97%
1973 Chicago
97%
2013 Houston
97%
2006 Houston
97%
1989 Houston
97%
2024 Indianapolis
97%
1985 Indianapolis
97%
2000 Oakland
97%
2002 Philadelphia
97%
1976 Philadelphia
97%
1970 Philadelphia
97%
1964 Philadelphia
97%
1996 San Antonio
97%
2001 Washington D.C.
97%
1980 Washington D.C. (Maryland)
97%
2010 Arlington
94%
1986 Dallas
94%
1967 Daly City
94%
2005 Denver
94%
1984 Denver
94%
2012 Orlando
94%
1992 Orlando
94%
2009 Phoenix
94%
1995 Phoenix
94%
1975 Phoenix
94%
2025 San Francisco
94%
1987 Seattle
94%
1974 Seattle
94%
2016 Toronto
94%
1963 Detroit
90%
1977 Milwaukee
90%
1979 Pontiac City
90%
2007 Las Vegas
77%
1971 San Diego
65%
1962 St. Louis
52%
2023 Utah
52%
1993 Utah
52%
1994 Minnesota
48%
1966 Cincinnati
39%
1982 New Jersey
32%
1965 Syracuse
32%
1957 Fort Wayne
23%
1960 Rochester
23%
No matching quizzes found
Score Distribution
Percent of People with Each Score
Percentile by Number Answered
Your Score History
You have not taken this quiz